Actors who worked with Luc Besson - Statistics

General Stats
  • This quiz has been taken 20 times
    8 since last reset
  • The average score is 13 of 90
Answer Stats
Films Answer % Correct
The Fifth Element Bruce Willis
100%
Léon: The Professional, The Fifth Element Gary Oldman
100%
Léon: The Professional, La Femme Nikita, The Big Blue, Subway, The Last Battle Jean Reno
100%
The Fifth Element, The Messenger: The Story of Joan of Arc Milla Jovovich
100%
The Messenger: The Story of Joan of Arc Vincent Cassel
100%
Valerian and the City of a Thousand Planets Cara Delevingne
50%
Subway Christophe Lambert
50%
Dracula: A Love Tale Christoph Waltz
50%
Valerian and the City of a Thousand Planets Dane DeHaan
50%
Arthur and the Invisibles, Arthur and the Revenge of Maltazard, Arthur 3: The War of the Two Worlds Freddie Highmore
50%
Subway Isabelle Adjani
50%
Angel-A Jamal Debbouze
50%
Léon: The Professional, The Fifth Element Maiwenn
50%
Arthur and the Invisibles, Arthur and the Revenge of Maltazard, Arthur 3: The War of the Two Worlds Mia Farrow
50%
The Family Michelle Pfeiffer
50%
Lucy Morgan Freeman
50%
Léon: The Professional Natalie Portman
50%
Valerian and the City of a Thousand Planets Rihanna
50%
Arthur and the Invisibles, The Family Robert De Niro
50%
Lucy Scarlett Johansson
50%
Lucy Amr Waked
0%
La Femme Nikita Anne Parillaud
0%
The Lady Benedict Wong
0%
Dracula: A Love Tale, Dogman Caleb Landry Jones
0%
Lucy Choi Min-sik
0%
Dogman Christopher Denham
0%
The Fifth Element Chris Tucker
0%
Anna Cillian Murphy
0%
Valerian and the City of a Thousand Planets Clive Owen
0%
Léon: The Professional Danny Aiello
0%
Arthur and the Invisibles David Bowie
0%
Dracula: A Love Tale David Shields
0%
The Lady David Thewlis
0%
The Family Dianna Agron
0%
Valerian and the City of a Thousand Planets, Arthur and the Invisibles Doug Rand
0%
The Messenger: The Story of Joan of Arc Dustin Hoffman
0%
Valerian and the City of a Thousand Planets Elizabeth Debicki
0%
Valerian and the City of a Thousand Planets Ethan Hawke
0%
Dracula: A Love Tale Ewens Abid
0%
The Messenger: The Story of Joan of Arc Faye Dunaway
0%
Arthur and the Revenge of Maltazard Fergie
0%
The Last Battle Fritz Wepper
0%
Léon: The Professional George Martin
0%
The Extraordinary Adventures of Adèle Blanc-Ses Gilles Lellouche
0%
Dogman Grace Palma
0%
Arthur and the Invisibles Harvey Keitel
0%
Anna Helen Mirren
0%
The Fifth Element Ian Holm
0%
Arthur 3: The War of the Two Worlds Iggy Pop
0%
Arthur and the Invisibles Jason Bateman
0%
The Last Battle Jean Bouise
0%
La Femme Nikita, Subway Jean-Hugues Anglade
0%
The Big Blue Jean-Marc Barr
0%
La Femme Nikita Jeanne Moreau
0%
The Extraordinary Adventures of Adèle Blanc-Ses Jean-Paul Rouve
0%
Subway Jean-Pierre Bacri
0%
Arthur and the Invisibles, Arthur and the Revenge of Maltazard Jimmy Fallon
0%
Valerian and the City of a Thousand Planets John Goddman
0%
The Messenger: The Story of Joan of Arc John Malkovich
0%
Dogman Jojo T. Gibbs
0%
Arthur and the Revenge of Maltazard Logan Miller
0%
The Extraordinary Adventures of Adèle Blanc-Ses Louise Bourgoin
0%
Anna Luke Evans
0%
The Fifth Element Luke Perry
0%
Arthur and the Invisibles Madonna
0%
The Extraordinary Adventures of Adèle Blanc-Ses Mathieu Amalric
0%
The Fifth Element, Valerian and the City of a Thousand Planets Mathieu Kassovitz
0%
Dracula: A Love Tale Matilda De Angelis
0%
Léon: The Professional Michael Badlucco
0%
Subway Michel Galabru
0%
The Lady Michelle Yeoh
0%
The Big Blue Paul Herman
0%
Arthur and the Invisibles, Arthur and the Revenge of Maltazard, Arthur 3: The War of the Two Worlds Penny Balfour
0%
Léon: The Professional Peter Appel
0%
The Extraordinary Adventures of Adèle Blanc-Ses Philippe Nahon
0%
The Last Battle Pierre Jolivet
0%
Lucy Pilou Asbaek
0%
Subway Richard Bohringer
0%
Angel-A Rie Rasmussen
0%
Arthur and the Revenge of Maltazard, Arthur 3: The War of the Two Worlds Robert Stanton
0%
The Big Blue Rosanna Arquette
0%
Valerian and the City of a Thousand Planets Rutger Hauer
0%
Valerian and the City of a Thousand Planets, Anna Sasha Luss
0%
Arthur and the Revenge of Maltazard, Arthur 3: The War of the Two Worlds Selena Gomez
0%
Arthur and the Revenge of Maltazard Snoop Dogg
0%
La Femme Nikita, The Messenger: The Story of Joan of Arc Tchéky Karyo
0%
The Messenger: The Story of Joan of Arc Toby Jones
0%
The Family Tommy Lee Jones
0%
Arthur and the Revenge of Maltazard Will.i.am
0%
Dracula: A Love Tale Zoe Blue Sidel
0%
No matching quizzes found
Score Distribution
Percent of People with Each Score
Percentile by Number Answered
Your Score History
You have not taken this quiz since the last reset